Company Law: (Record no. 587229)

000 -LEADER
fixed length control field 00442nam a22001337a 4500
082 ## - DEWEY DECIMAL CLASSIFICATION NUMBER
Classification number 346.41066
100 ## - MAIN ENTRY--PERSONAL NAME
Personal name Nyazee, Imran Ahsan Khan
245 ## - TITLE STATEMENT
Title Company Law:
Remainder of title (Includes Companies Act, 2017) /
Statement of responsibility, etc. Imran Ahsan Khan Nyazee & M. Ibrahim Abdullah Khan Nyazee
260 ## - PUBLICATION, DISTRIBUTION, ETC.
Place of publication, distribution, etc. Rawalpindi :
Name of publisher, distributor, etc. Federal Law House,
Date of publication, distribution, etc. 2019.
300 ## - PHYSICAL DESCRIPTION
Extent 1170 p. ;
Dimensions 24 cm.
942 ## - ADDED ENTRY ELEMENTS (KOHA)
Source of classification or shelving scheme
Koha item type Book
Holdings
Withdrawn status Lost status Source of classification or shelving scheme Damaged status Not for loan Permanent Location Current Location Shelving location Date acquired Source of acquisition Total Checkouts Total Renewals Full call number Barcode Checked out Date last seen Date last checked out Price effective from Koha item type
          NUST Law School (NLS) NUST Law School (NLS) Law 12/08/2021 Federal Law House 5 4 346.41066 NYA CL-682 02/25/2026 01/26/2026 01/26/2026 12/08/2021 Book
© 2023 Central Library, National University of Sciences and Technology. All Rights Reserved.